<?xml version="1.0" encoding="UTF-8"?>
<collection xmlns="http://www.loc.gov/MARC21/slim">
 <record>
  <leader>05519cam a2200793 c 4500</leader>
  <controlfield tag="001">663500176</controlfield>
  <controlfield tag="003">DE-627</controlfield>
  <controlfield tag="005">20250327180319.0</controlfield>
  <controlfield tag="007">tu</controlfield>
  <controlfield tag="008">110704s2008    cc |||||      00| ||eng c</controlfield>
  <datafield tag="010" ind1=" " ind2=" ">
   <subfield code="a">  2013474153</subfield>
  </datafield>
  <datafield tag="020" ind1=" " ind2=" ">
   <subfield code="a">382284943X</subfield>
   <subfield code="c">hbk.</subfield>
   <subfield code="9">3-8228-4943-X</subfield>
  </datafield>
  <datafield tag="020" ind1=" " ind2=" ">
   <subfield code="a">9783822849439</subfield>
   <subfield code="c">hbk.</subfield>
   <subfield code="9">978-3-8228-4943-9</subfield>
  </datafield>
  <datafield tag="035" ind1=" " ind2=" ">
   <subfield code="a">(DE-627)663500176</subfield>
  </datafield>
  <datafield tag="035" ind1=" " ind2=" ">
   <subfield code="a">(DE-576)9663500174</subfield>
  </datafield>
  <datafield tag="035" ind1=" " ind2=" ">
   <subfield code="a">(DE-599)GBV663500176</subfield>
  </datafield>
  <datafield tag="035" ind1=" " ind2=" ">
   <subfield code="a">(OCoLC)837802258</subfield>
  </datafield>
  <datafield tag="040" ind1=" " ind2=" ">
   <subfield code="a">DE-627</subfield>
   <subfield code="b">ger</subfield>
   <subfield code="c">DE-627</subfield>
   <subfield code="e">rakwb</subfield>
  </datafield>
  <datafield tag="041" ind1=" " ind2=" ">
   <subfield code="a">eng</subfield>
   <subfield code="h">spa</subfield>
  </datafield>
  <datafield tag="044" ind1=" " ind2=" ">
   <subfield code="c">XB-CN</subfield>
  </datafield>
  <datafield tag="050" ind1=" " ind2="0">
   <subfield code="a">ND259.R5</subfield>
  </datafield>
  <datafield tag="082" ind1="0" ind2=" ">
   <subfield code="a">709</subfield>
  </datafield>
  <datafield tag="084" ind1=" " ind2=" ">
   <subfield code="a">20.31</subfield>
   <subfield code="2">bkl</subfield>
  </datafield>
  <datafield tag="084" ind1=" " ind2=" ">
   <subfield code="a">21.11</subfield>
   <subfield code="2">bkl</subfield>
  </datafield>
  <datafield tag="084" ind1=" " ind2=" ">
   <subfield code="a">15.88</subfield>
   <subfield code="2">bkl</subfield>
  </datafield>
  <datafield tag="245" ind1="0" ind2="0">
   <subfield code="a">Diego Rivera, the complete murals</subfield>
   <subfield code="c">Luis-Martín Lozano; Juan Coronel Rivera Francisco; ed. by Benedikt Taschen</subfield>
  </datafield>
  <datafield tag="246" ind1="3" ind2="3">
   <subfield code="a">Complete murals</subfield>
  </datafield>
  <datafield tag="264" ind1=" " ind2="1">
   <subfield code="a">Hong Kong [u.a.]</subfield>
   <subfield code="b">Taschen</subfield>
   <subfield code="c">c2008</subfield>
  </datafield>
  <datafield tag="300" ind1=" " ind2=" ">
   <subfield code="a">672 p. (some folded)</subfield>
   <subfield code="b">ill. (chiefly col.)</subfield>
   <subfield code="c">45 cm</subfield>
  </datafield>
  <datafield tag="336" ind1=" " ind2=" ">
   <subfield code="a">Text</subfield>
   <subfield code="b">txt</subfield>
   <subfield code="2">rdacontent</subfield>
  </datafield>
  <datafield tag="337" ind1=" " ind2=" ">
   <subfield code="a">ohne Hilfsmittel zu benutzen</subfield>
   <subfield code="b">n</subfield>
   <subfield code="2">rdamedia</subfield>
  </datafield>
  <datafield tag="338" ind1=" " ind2=" ">
   <subfield code="a">Band</subfield>
   <subfield code="b">nc</subfield>
   <subfield code="2">rdacarrier</subfield>
  </datafield>
  <datafield tag="500" ind1=" " ind2=" ">
   <subfield code="a">Translation of: Diego Rivera, obra mural completa</subfield>
  </datafield>
  <datafield tag="500" ind1=" " ind2=" ">
   <subfield code="a">Translators from colophon</subfield>
  </datafield>
  <datafield tag="500" ind1=" " ind2=" ">
   <subfield code="a">Includes bibliographical references (p. 663-665) and index</subfield>
  </datafield>
  <datafield tag="505" ind1="8" ind2="0">
   <subfield code="t">Creation (Old College of San Ildefonso, Mexico)</subfield>
   <subfield code="r">Juan Rafael Coronel Rivera</subfield>
  </datafield>
  <datafield tag="505" ind1="8" ind2="0">
   <subfield code="t">Political vision (Ministry of Public Education, Mexico)</subfield>
   <subfield code="r">Renato González Mello</subfield>
  </datafield>
  <datafield tag="505" ind1="8" ind2="0">
   <subfield code="t">Song to the earth and those who labor thereon (Universidad Autónoma de Chapingo, Mexico)</subfield>
   <subfield code="r">Luis-Martín Lozano</subfield>
  </datafield>
  <datafield tag="505" ind1="8" ind2="0">
   <subfield code="t">Visions of the history of Mexico (Palacio Nacional and Palacio de Cortés, Mexico)</subfield>
   <subfield code="r">Juan Rafael Coronel Rivera</subfield>
  </datafield>
  <datafield tag="505" ind1="8" ind2="0">
   <subfield code="t">Revolutions and allegories (Mexico and San Francisco)</subfield>
   <subfield code="r">Luis-Martín Lozano</subfield>
  </datafield>
  <datafield tag="505" ind1="8" ind2="0">
   <subfield code="t">Mexico and the United States (The panels for the Museum of Modern Art, New York)</subfield>
   <subfield code="r">Marina Vázquez Ramos</subfield>
  </datafield>
  <datafield tag="505" ind1="8" ind2="0">
   <subfield code="t">The industry of Detroit (The Detroit Institute of Arts)</subfield>
   <subfield code="r">Laura González Matute</subfield>
  </datafield>
  <datafield tag="505" ind1="8" ind2="0">
   <subfield code="t">Man at the crossroads (Rockefeller, New York; Palacio de Bellas Artes, Mexico)</subfield>
   <subfield code="r">Catha Paquette</subfield>
  </datafield>
  <datafield tag="505" ind1="8" ind2="0">
   <subfield code="t">Portrait of America (New Workers' School, New York)</subfield>
   <subfield code="r">James Wechsler</subfield>
  </datafield>
  <datafield tag="505" ind1="8" ind2="0">
   <subfield code="t">The fight against Fascism (Palacio de Bellas Artes, Mexico; San Francisco City College</subfield>
   <subfield code="r">Luis-Martín Lozano</subfield>
  </datafield>
  <datafield tag="505" ind1="8" ind2="0">
   <subfield code="t">Metaphorical readings on history (Palacio Nacional, Museo Mural and Teatro de los Insurgentes, Mexico</subfield>
   <subfield code="r">Nadia Ugalde Gómez</subfield>
  </datafield>
  <datafield tag="505" ind1="8" ind2="0">
   <subfield code="t">War, peace and victory (Pushkin State Museum of Fine Arts, Moscow)</subfield>
   <subfield code="r">Ana Isabel Pérez Gavilán Ávila</subfield>
  </datafield>
  <datafield tag="505" ind1="8" ind2="0">
   <subfield code="t">Art before science and medicine (National Institute of Cardiology and La Raza Medical Center, Mexico)</subfield>
   <subfield code="r">María Estela Duarte Sánchez</subfield>
  </datafield>
  <datafield tag="505" ind1="8" ind2="0">
   <subfield code="t">The origin of life (Museo Anahuacalli, Cárcamo of the River Lerma and Ciudad Universitaria, Mexico)</subfield>
   <subfield code="r">Juan Rafael Coronel Rivera</subfield>
  </datafield>
  <datafield tag="505" ind1="8" ind2="0">
   <subfield code="t">Easel painting</subfield>
   <subfield code="r">Luis-Martín Lozano and Juan Rafael Coronel Rivera</subfield>
  </datafield>
  <datafield tag="505" ind1="8" ind2="0">
   <subfield code="t">Chronology of the artist and his murals</subfield>
   <subfield code="r">Juan Rafael Coronel Rivera, Luis-Martín Lozano and María Estela Duarte Sánchez.</subfield>
  </datafield>
  <datafield tag="520" ind1=" " ind2=" ">
   <subfield code="a">The most comprehensive study of Rivera's work ever made on the mural patrimony of painter Diego Rivera that reproduces for the first time in one edition all the 47 murals Rivera made in Mexico and in the United States along with his mosaic works and relives. This extensive research in Mexico and the United States documents the evolution of the creative process and the cultural and political context of each of Rivera's murals created between 1921 and 1957. Contents were the responsibility of expert historian Luis-Martín Lozano and artist Juan Coronel Rivera and included the participation of noted academics Renato González Mello, Marina Vázquez, María Estela Duarte, Laura González Matute, Catha Paquette, James Wechsler, Ana Isabel Pérez Gavilán and Nadia Ugalde. Illustrated with more than 200 images of the artist's canvas from all his periods and hundreds of photographs of his drawings and sketches for the murals done in Mexico and in San Francisco, Detroit and New York</subfield>
  </datafield>
  <datafield tag="583" ind1="1" ind2=" ">
   <subfield code="a">Archivierung prüfen</subfield>
   <subfield code="c">20240324</subfield>
   <subfield code="f">DE-4165</subfield>
   <subfield code="z">1</subfield>
   <subfield code="2">pdager</subfield>
  </datafield>
  <datafield tag="583" ind1="1" ind2=" ">
   <subfield code="a">Archivierung/Langzeitarchivierung gewährleistet</subfield>
   <subfield code="c">20240722</subfield>
   <subfield code="f">NI-LastCopies</subfield>
   <subfield code="x">XA-DE-NI</subfield>
   <subfield code="z">Potenzieller Alleinbesitz Niedersachsen</subfield>
   <subfield code="2">pdager</subfield>
   <subfield code="5">DE-89</subfield>
  </datafield>
  <datafield tag="600" ind1="1" ind2="0">
   <subfield code="a">Rivera, Diego</subfield>
   <subfield code="d">1886-1957</subfield>
   <subfield code="v">Catalogues raisonnés</subfield>
  </datafield>
  <datafield tag="600" ind1="1" ind2="0">
   <subfield code="a">Rivera, Diego</subfield>
   <subfield code="d">1886-1957</subfield>
   <subfield code="x">Criticism and interpretation</subfield>
  </datafield>
  <datafield tag="700" ind1="1" ind2=" ">
   <subfield code="a">Lozano, Luis-Martín</subfield>
   <subfield code="d">1965-</subfield>
   <subfield code="0">(DE-588)132792524</subfield>
   <subfield code="0">(DE-627)526972130</subfield>
   <subfield code="0">(DE-576)18081219X</subfield>
   <subfield code="4">oth</subfield>
  </datafield>
  <datafield tag="700" ind1="1" ind2=" ">
   <subfield code="a">Coronel Rivera, Juan Rafael</subfield>
   <subfield code="d">1961-</subfield>
   <subfield code="0">(DE-588)137213816</subfield>
   <subfield code="0">(DE-627)59101940X</subfield>
   <subfield code="0">(DE-576)253788218</subfield>
   <subfield code="4">oth</subfield>
  </datafield>
  <datafield tag="700" ind1="1" ind2=" ">
   <subfield code="a">Taschen, Benedikt</subfield>
   <subfield code="d">1961-</subfield>
   <subfield code="0">(DE-588)129669210</subfield>
   <subfield code="0">(DE-627)477111955</subfield>
   <subfield code="0">(DE-576)216611121</subfield>
   <subfield code="4">oth</subfield>
  </datafield>
  <datafield tag="700" ind1="1" ind2=" ">
   <subfield code="a">Rivera, Diego</subfield>
   <subfield code="d">1886-1957</subfield>
   <subfield code="0">(DE-588)118745514</subfield>
   <subfield code="0">(DE-627)13905314X</subfield>
   <subfield code="0">(DE-576)164245642</subfield>
   <subfield code="4">oth</subfield>
  </datafield>
  <datafield tag="730" ind1="0" ind2="2">
   <subfield code="a">Diego Rivera, obra mural completa. &lt;engl.&gt;</subfield>
  </datafield>
  <datafield tag="787" ind1="0" ind2="8">
   <subfield code="i">Rezensiert in</subfield>
   <subfield code="a">Kämpf, Tobias</subfield>
   <subfield code="t">[Rezension von: Luis Martin Lozano, Juan Coronel Rivera, Rivera]</subfield>
   <subfield code="d">2009</subfield>
   <subfield code="w">(DE-627)1855092875</subfield>
  </datafield>
  <datafield tag="856" ind1="4" ind2="2">
   <subfield code="u">http://www.gbv.de/dms/spk/iai/cov/663500176.jpg</subfield>
   <subfield code="m">V:DE-601</subfield>
   <subfield code="m">B:DE-204</subfield>
   <subfield code="q">image/jpeg</subfield>
   <subfield code="v">2011-07-22</subfield>
   <subfield code="x">Verlag</subfield>
   <subfield code="3">Cover</subfield>
  </datafield>
  <datafield tag="936" ind1="b" ind2="k">
   <subfield code="a">20.31</subfield>
   <subfield code="j">Bildende Künstler</subfield>
   <subfield code="0">(DE-627)181571080</subfield>
  </datafield>
  <datafield tag="936" ind1="b" ind2="k">
   <subfield code="a">21.11</subfield>
   <subfield code="j">Wandmalerei</subfield>
   <subfield code="0">(DE-627)10642176X</subfield>
  </datafield>
  <datafield tag="936" ind1="b" ind2="k">
   <subfield code="a">15.88</subfield>
   <subfield code="j">Mittelamerika</subfield>
   <subfield code="j">Südamerika</subfield>
   <subfield code="x">Geschichte</subfield>
   <subfield code="0">(DE-627)181570874</subfield>
  </datafield>
  <datafield tag="951" ind1=" " ind2=" ">
   <subfield code="a">BO</subfield>
  </datafield>
  <datafield tag="991" ind1=" " ind2=" ">
   <subfield code="a">Rezensiertes Werk</subfield>
  </datafield>
  <datafield tag="999" ind1=" " ind2=" ">
   <subfield code="a">KXP-PPN663500176</subfield>
   <subfield code="e">4396472420</subfield>
  </datafield>
 </record>
</collection>
